00421pab a2200145 454500008004000000100002000040245006900060260000900129300001700138362001200155650003000167650002100197650001300218773004400231180718b1977 xxu||||| |||| 00| 0 eng d aChowdhary, R.L. aAssessment of training needs for Indian forest resource managers c1977 ap.1053-1084. aOct-Dec aForest management - India aTraining - India aTraining aIndian Journal of Public Administration